| 000 | 00777cam a2200265 a 4500 | ||
|---|---|---|---|
| 001 | 000009575 | ||
| 005 | 20200929161629.0 | ||
| 008 | 790912s1994 sp 000 f spa d | ||
| 020 | _a8423309959 | ||
| 040 |
_aDO-SdBNP _cDLC _dDLC |
||
| 082 |
_a863.64 _bM379r, 1994 |
||
| 100 | 1 |
_aMartín Gaite, Carmen, _d1925-2000. _910633 |
|
| 245 | 1 | 0 |
_aRetahílas / _cCarmen Martín Gaite ; prólogo de Emma Martinell. |
| 250 | _a8a ed. | ||
| 260 |
_aBarcelona : _bDestino, _c1994. |
||
| 300 |
_a233 p. ; _c18 cm. |
||
| 490 | 0 |
_aDestinolibro _v62 |
|
| 650 | 4 |
_aNovela española _91123 |
|
| 650 | 4 |
_aLiteratura española _9632 |
|
| 700 | 1 |
_aMartinell, Emma, _epról. _924415 |
|
| 830 | 0 |
_aDestinolibro ; _v62 _98086 |
|
| 910 | _aCatalogación derivada | ||
| 910 | _aWM | ||
| 049 | _aBNGR | ||
| 999 |
_c9335 _d9335 |
||